[Event "Las Palmas Insular-chT Segunda-A 1617"]
[Site "Las Palmas"]
[Date "2016.10.29"]
[Round "2.1"]
[White "Medina Martin, Alberto"]
[Black "Caritg Creus, Carlos"]
[Result "1-0"]
[WhiteElo "1756"]
[BlackElo "1651"]
[PlyCount "93"]
[EventDate "2016.10.22"]
[EventType "team-tourn"]
[EventRounds "14"]
[EventCountry "ESP"]
[SourceTitle "EXT 2018"]
[Source "ChessBase"]
[SourceDate "2017.10.13"]
[SourceVersion "1"]
[SourceVersionDate "2017.10.13"]
[SourceQuality "1"]
[WhiteTeam "Guia Univac III"]
[BlackTeam "Villa de Teror IV"]
[WhiteTeamCountry "ESP"]
[BlackTeamCountry "ESP"]

1. d4 e5 2. dxe5 Nc6 3. Nf3 Qe7 4. e3 Nxe5 5. Nxe5 Qxe5 6. Nd2 d5 7. Nf3 Qh5 8. Be2 Bg4 9. Nd4 Bxe2 10. Qxe2 Qxe2+ 11. Kxe2 0-0-0 12. b3 Be7 13. Bb2 Bf6 14. c3 Nh6 15. Rhd1 Rhe8 16. Kf1 c6 17. a4 Ng4 18. h3 Ne5 19. Rac1 c5 20. Ne2 c4 21. b4 Nd3 22. Rc2 Rd6 23. b5 Be7 24. Nc1 Nxb2 25. Rxb2 g5 26. Rbd2 Red8 27. Ne2 Bf6 28. e4 Kc7 29. exd5 Kb6 30. Ng3 Bxc3 31. Rc2 Be5 32. Rxc4 Bxg3 33. fxg3 Rxd5 34. Rxd5 Rxd5 35. h4 h6 36. Kf2 f5 37. hxg5 hxg5 38. g4 f4 39. Kf3 Rd3+ 40. Ke4 Rg3 41. Kf5 Rxg2 42. Kxg5 f3 43. Rf4 f2 44. Kf5 Kc5 45. g5 Kd6 46. Kf6 Kd7 47. g6 1-0

[Event "Gran Canaria Dominguez Memoral 1st"]
[Site "Gran Canaria"]
[Date "2014.03.24"]
[Round "3"]
[White "Caritg Creus, Carlos"]
[Black "Galvan Sarmiento, Jose Luis"]
[Result "0-1"]
[WhiteElo "1645"]
[BlackElo "1978"]
[PlyCount "42"]
[EventDate "2014.03.17"]
[EventType "swiss"]
[EventRounds "7"]
[EventCountry "ESP"]
[SourceTitle "EXT 2015"]
[Source "ChessBase"]
[SourceDate "2014.11.20"]
[SourceVersion "1"]
[SourceVersionDate "2014.11.20"]
[SourceQuality "1"]

1. e4 e6 2. d4 d5 3. Be3 dxe4 4. Nd2 f5 5. f3 exf3 6. Ngxf3 Nf6 7. c3 Be7 8. Bc4 Nc6 9. Qe2 Nd5 10. 0-0-0 Bf6 11. Bb3 0-0 12. Nc4 Nxe3 13. Qxe3 Ne7 14. Nce5 Nd5 15. Qf2 a5 16. c4 a4 17. cxd5 axb3 18. axb3 Qxd5 19. Qc2 Ra1+ 20. Kd2 Rxd1+ 21. Rxd1 Bxe5 0-1

[Event "Las Palmas Fischer Memorial 3rd"]
[Site "Las Palmas"]
[Date "2013.10.29"]
[Round "6"]
[White "Guerrero Orihuela, Jose Luis"]
[Black "Caritg Creus, Carlos"]
[Result "1-0"]
[WhiteElo "1590"]
[BlackElo "1655"]
[PlyCount "69"]
[EventDate "2013.10.11"]
[EventType "swiss"]
[EventRounds "7"]
[EventCountry "ESP"]
[SourceTitle "EXT 2014"]
[Source "ChessBase"]
[SourceDate "2013.11.20"]
[SourceVersion "1"]
[SourceVersionDate "2013.11.20"]
[SourceQuality "1"]

1. d4 e5 2. dxe5 Nc6 3. Nf3 Qe7 4. Nc3 Nxe5 5. Nxe5 Qxe5 6. g3 Bb4 7. Bd2 c6 8. Bg2 Nf6 9. 0-0 0-0 10. a3 Bc5 11. Na4 Be7 12. Bf4 Qa5 13. b3 d5 14. Nb2 Bf5 15. c4 Rad8 16. b4 Qb6 17. c5 Qb5 18. Nd3 a5 19. Bc7 Ra8 20. Bxa5 Ne4 21. Rc1 Bf6 22. Bxe4 dxe4 23. Nf4 Rxa5 24. bxa5 Qxa5 25. Qb3 Bc8 26. Rc4 Re8 27. Nh5 Bg5 28. Rd1 Kf8 29. h4 Bh6 30. Qb4 Qc7 31. Rxe4 Be6 32. Qd4 Qc8 33. Qd6+ Kg8 34. Nf4 Bxf4 35. Qxf4 1-0

[Event "Las Palmas Insular-chT Primera-A"]
[Site "Las Palmas"]
[Date "2013.01.12"]
[Round "5.3"]
[White "Ramirez Maillo, Juan Adonay"]
[Black "Caritg Creus, Carlos"]
[Result "0-1"]
[WhiteElo "1654"]
[BlackElo "1657"]
[PlyCount "48"]
[EventDate "2012.11.10"]
[EventType "team-tourn"]
[EventRounds "14"]
[EventCountry "ESP"]
[SourceTitle "EXT 2014"]
[Source "ChessBase"]
[SourceDate "2013.11.20"]
[SourceVersion "1"]
[SourceVersionDate "2013.11.20"]
[SourceQuality "1"]
[WhiteTeam "Cajota 64"]
[BlackTeam "Villa de Teror "]
[WhiteTeamCountry "ESP"]
[BlackTeamCountry "ESP"]

1. Nf3 Nf6 2. d4 e6 3. e3 b6 4. Bd3 c5 5. 0-0 Ba6 6. c4 d5 7. b3 Bd6 8. Nbd2 0-0 9. Bb2 Nc6 10. Qe2 Nb4 11. Bb1 Rc8 12. Rd1 Qc7 13. a3 Nc6 14. Qd3 cxd4 15. exd4 Ne7 16. Ne5 Ng6 17. Qe3 Bxe5 18. dxe5 Ng4 19. Qh3 Nh6 20. cxd5 Nf4 21. Qh4 Nxd5 22. Ne4 Nf5 23. Qh3 h6 24. Rxd5 Qc1+ 0-1

[Event "Las Palmas-ch"]
[Site "Las Palmas"]
[Date "2011.07.27"]
[Round "5"]
[White "Caritg Creus, Carlos"]
[Black "Manchon Santana, Alberto"]
[Result "0-1"]
[WhiteElo "1476"]
[BlackElo "1284"]
[PlyCount "53"]
[EventDate "2011.07.18"]
[EventType "swiss"]
[EventRounds "5"]
[EventCountry "ESP"]
[SourceTitle "EXT 2024"]
[Source "ChessBase"]
[SourceDate "2023.10.10"]
[SourceVersion "1"]
[SourceVersionDate "2023.10.10"]
[SourceQuality "1"]

1. b3 Nf6 2. Bb2 g6 3. f4 Bg7 4. e4 0-0 5. e5 Ne8 6. d4 d5 7. Nf3 b6 8. c4 e6 9. Ba3 dxc4 10. Bxf8 Bxf8 11. a3 cxb3 12. Qxb3 c5 13. Bd3 Bb7 14. Nbd2 Nc6 15. Qc4 cxd4 16. Nb3 Rc8 17. Qa4 Qd5 18. Nbd2 Qc5 19. 0-0 Qc3 20. Qb3 Qa5 21. Nc4 Qd5 22. Qa2 Na5 23. Nxa5 Qxa5 24. Nxd4 Bc5 25. Qb2 Rd8 26. Qb5 Bxd4+ 27. Kh1 0-1

[Event "Las Palmas-ch"]
[Site "Las Palmas"]
[Date "2011.07.18"]
[Round "1"]
[White "Caritg Creus, Carlos"]
[Black "Medina Suarez, Jose Roman"]
[Result "1-0"]
[WhiteElo "1476"]
[BlackElo "1270"]
[PlyCount "114"]
[EventDate "2011.07.18"]
[EventType "swiss"]
[EventRounds "5"]
[EventCountry "ESP"]
[SourceTitle "EXT 2024"]
[Source "ChessBase"]
[SourceDate "2023.10.10"]
[SourceVersion "1"]
[SourceVersionDate "2023.10.10"]
[SourceQuality "1"]

1. b3 e5 2. Bb2 d6 3. e3 Nf6 4. Nf3 Bg4 5. Be2 Be7 6. c4 Nc6 7. 0-0 0-0 8. Nc3 a6 9. a3 Qc8 10. d4 e4 11. Nd2 Bf5 12. Qc2 Re8 13. Rfd1 Bd8 14. Nf1 Ne7 15. Ng3 Ng6 16. Nd5 c6 17. Nxf6+ Bxf6 18. Nh5 Qd8 19. Nxf6+ Qxf6 20. d5 Qg5 21. Bf1 Nh4 22. g3 Nf3+ 23. Kh1 Qh6 24. h4 Bg4 25. Qc3 Re5 26. Bg2 Rae8 27. dxc6 Rh5 28. Qxg7+ Qxg7 29. Bxg7 Kxg7 30. Rxd6 bxc6 31. Bxf3 Bxf3+ 32. Kh2 Rh6 33. Rd4 Ree6 34. Ra2 Rd6 35. Rad2 Rxd4 36. Rxd4 Kf8 37. Kh3 Ke7 38. g4 Rg6 39. g5 Rd6 40. Kg3 Ke6 41. Kf4 Rxd4 42. exd4 Bh1 43. b4 Bg2 44. a4 Bf3 45. a5 Bg2 46. Ke3 Bf3 47. b5 cxb5 48. cxb5 Kd6 49. bxa6 Kc7 50. d5 Kb8 51. a7+ Kxa7 52. Kd4 Bg4 53. Kxe4 Ka6 54. Ke5 Kxa5 55. f4 Kb6 56. d6 Be6 57. f5 Bd7 1-0

[Event "Las Palmas Insular-chT Pref-B"]
[Site "Las Palmas"]
[Date "2011.04.16"]
[Round "13.2"]
[White "Holubansky, Jakub"]
[Black "Caritg Creus, Carlos"]
[Result "1-0"]
[WhiteElo "1563"]
[BlackElo "1683"]
[PlyCount "73"]
[EventDate "2011.01.15"]
[EventType "team-tourn"]
[EventRounds "14"]
[EventCountry "ESP"]
[SourceTitle "EXT 2012"]
[Source "ChessBase"]
[SourceDate "2011.11.24"]
[SourceVersion "1"]
[SourceVersionDate "2011.11.24"]
[SourceQuality "1"]
[WhiteTeam "La Caja de Vecindario II"]
[BlackTeam "Villa de Teror II"]
[WhiteTeamCountry "ESP"]
[BlackTeamCountry "ESP"]

1. d4 e5 2. dxe5 Nc6 3. Nf3 Qe7 4. Nc3 Nxe5 5. Nxe5 Qxe5 6. g3 Bb4 7. Bd2 Nf6 8. Bg2 c6 9. 0-0 0-0 10. a3 Ba5 11. b4 Bb6 12. Na4 d5 13. Bc3 Qe7 14. Nxb6 axb6 15. Bd4 Qd8 16. e3 Re8 17. Qd3 Ne4 18. f3 Nd6 19. e4 dxe4 20. fxe4 Nb5 21. Bb2 Be6 22. a4 Qxd3 23. cxd3 Nc7 24. e5 Nd5 25. b5 Ne3 26. bxc6 Nxf1 27. cxb7 Rad8 28. Kxf1 Rxd3 29. Ba3 Bc4 30. Kg1 Rdd8 31. Bd6 f6 32. Bc7 fxe5 33. Bxd8 Rxd8 34. Rc1 Be6 35. Rb1 Bd7 36. Rxb6 Rb8 37. Ra6 1-0

[Event "Las Palmas Insular-chT Pref-B"]
[Site "Las Palmas"]
[Date "2011.03.19"]
[Round "9.2"]
[White "Perez Castellano, Susana"]
[Black "Caritg Creus, Carlos"]
[Result "1-0"]
[WhiteElo "1795"]
[BlackElo "1683"]
[PlyCount "85"]
[EventDate "2011.01.15"]
[EventType "team-tourn"]
[EventRounds "14"]
[EventCountry "ESP"]
[SourceTitle "EXT 2012"]
[Source "ChessBase"]
[SourceDate "2011.11.24"]
[SourceVersion "1"]
[SourceVersionDate "2011.11.24"]
[SourceQuality "1"]
[WhiteTeam "Anand Iberia II"]
[BlackTeam "Villa de Teror II"]
[WhiteTeamCountry "ESP"]
[BlackTeamCountry "ESP"]

1. e4 e5 2. Nf3 Nc6 3. Bc4 Nf6 4. d3 Bc5 5. c3 d5 6. exd5 Nxd5 7. 0-0 0-0 8. Re1 Bg4 9. h3 Bh5 10. Nbd2 Nf4 11. Ne4 Bd6 12. Nxd6 Qxd6 13. Bxf4 exf4 14. d4 Rae8 15. Qd3 Bg6 16. Qf1 h6 17. Rxe8 Rxe8 18. Re1 Rxe1 19. Qxe1 Na5 20. Qe8+ Qf8 21. Qb5 Nxc4 22. Qxc4 Qe7 23. Ne5 Bf5 24. a4 Be6 25. Qd3 Qg5 26. Kh2 Bd5 27. Nf3 Qe7 28. c4 Be4 29. Qc3 c6 30. Qe1 Kf8 31. Ne5 Bf5 32. b4 g5 33. Qc3 f6 34. Nf3 Qe2 35. d5 Kg7 36. Nd4 Qe5 37. Nxf5+ Qxf5 38. d6 c5 39. Qd2 Qd7 40. bxc5 Kf8 41. Qd5 h5 42. a5 f5 43. a6 1-0

[Event "Vecindario Canarias op 4th"]
[Site "Vecindario"]
[Date "2010.07.23"]
[Round "7"]
[White "Rojas Mirabal, Pedro"]
[Black "Caritg Creus, Carlos"]
[Result "1-0"]
[WhiteElo "1996"]
[BlackElo "1704"]
[PlyCount "45"]
[EventDate "2010.07.18"]
[EventType "swiss"]
[EventRounds "9"]
[EventCountry "ESP"]
[SourceTitle "CBM 137 Extra"]
[Source "ChessBase"]
[SourceDate "2010.09.01"]
[SourceVersion "1"]
[SourceVersionDate "2010.09.01"]
[SourceQuality "1"]

1. d4 e5 2. dxe5 Nc6 3. Nf3 Qe7 4. Bg5 Qb4+ 5. Nc3 Nge7 6. e4 Qa5 7. Bd2 Nxe5 8. Nd5 Nxf3+ 9. Qxf3 Qc5 10. Bb4 Qxc2 11. Bd3 Qc6 12. 0-0 Nxd5 13. exd5 Qf6 14. Qe4+ Kd8 15. Bc3 Qe7 16. Qf4 f6 17. Rfe1 Qd6 18. Qe4 Be7 19. Re3 Re8 20. Qxh7 Qxd5 21. Bg6 Qg8 22. Qxg8 Rxg8 23. Rae1 1-0

[Event "Las Palmas Autumn"]
[Site "Las Palmas"]
[Date "2009.11.23"]
[Round "5"]
[White "Caritg Creus, Carlos"]
[Black "Arroyo Palacios, Jose Maria"]
[Result "1/2-1/2"]
[WhiteElo "1697"]
[BlackElo "1695"]
[PlyCount "100"]
[EventDate "2009.11.09"]
[EventType "swiss"]
[EventRounds "5"]
[EventCountry "ESP"]
[SourceTitle "EXT 2024"]
[Source "ChessBase"]
[SourceDate "2023.10.10"]
[SourceVersion "1"]
[SourceVersionDate "2023.10.10"]
[SourceQuality "1"]

1. e4 d5 2. Nf3 dxe4 3. Ng5 Bf5 4. Nc3 Nf6 5. Bc4 e6 6. Qe2 Nc6 7. Bb5 Qd7 8. Ngxe4 Nxe4 9. Nxe4 a6 10. Bxc6 Qxc6 11. d3 Be7 12. 0-0 0-0 13. Bf4 Bd6 14. Bxd6 cxd6 15. c3 d5 16. Ng3 Bg6 17. d4 a5 18. f4 f5 19. Rae1 Rf6 20. Qd2 Qc7 21. Ne2 Be8 22. Nc1 Bb5 23. Rf3 a4 24. Re5 Ra6 25. a3 Bc4 26. Nd3 Bxd3 27. Qxd3 Rb6 28. Qe2 Kf7 29. Rh3 Kg8 30. Qh5 g6 31. Qh4 Rf7 32. Qf2 Qd7 33. Rhe3 Qc8 34. Qe2 Rf6 35. Rxd5 Rxb2 36. Qxb2 exd5 37. Qb5 Qc6 38. Qb4 Re6 39. Re5 Kf7 40. Kf2 b5 41. Qa5 Re7 42. Qb4 Rc7 43. Re3 Rd7 44. Ke1 Qb7 45. Kd2 Qb8 46. g3 Qb7 47. Re5 Qc6 48. Kc2 Rc7 49. Kb2 Rd7 50. Kc2 Rc7 1/2-1/2

[Event "Las Palmas Autumn"]
[Site "Las Palmas"]
[Date "2009.11.11"]
[Round "2"]
[White "Martinez Molina, Jose Juan"]
[Black "Caritg Creus, Carlos"]
[Result "0-1"]
[WhiteElo "1842"]
[BlackElo "1697"]
[PlyCount "122"]
[EventDate "2009.11.09"]
[EventType "swiss"]
[EventRounds "5"]
[EventCountry "ESP"]
[SourceTitle "EXT 2024"]
[Source "ChessBase"]
[SourceDate "2023.10.10"]
[SourceVersion "1"]
[SourceVersionDate "2023.10.10"]
[SourceQuality "1"]

1. e4 e5 2. Nf3 Nc6 3. Bb5 a6 4. Ba4 d6 5. 0-0 Bg4 6. h3 h5 7. d3 Qf6 8. Bxc6+ bxc6 9. Nbd2 Ne7 10. Re1 Bd7 11. Nf1 Ng6 12. Bg5 Qe6 13. d4 f6 14. Bd2 Be7 15. Ng3 Qf7 16. Nf5 exd4 17. N3xd4 c5 18. Ne2 Bc6 19. Nc3 Kf8 20. Be3 Re8 21. f3 Bd8 22. b3 Ne7 23. Nxe7 Bxe7 24. Qd3 Bb7 25. Rad1 g5 26. Nd5 Bd8 27. Bf2 g4 28. c4 gxh3 29. gxh3 Rg8+ 30. Kh2 Qe6 31. Rg1 Kf7 32. Rde1 Bc8 33. f4 Rxg1 34. Bxg1 f5 35. Qf3 fxe4 36. Qxh5+ Qg6 37. Qxg6+ Kxg6 38. Bf2 Kf5 39. Bg3 Bb7 40. Ne3+ Kg6 41. Rf1 Bf6 42. f5+ Kf7 43. Ng4 Bd4 44. Nh6+ Kg7 45. Bf4 Rh8 46. Ng4 Bc8 47. Bg5 Kf8 48. Kg3 c6 49. h4 d5 50. Kf4 Kf7 51. Rh1 Rh5 52. Rh3 a5 53. Rg3 Bd7 54. Ne5+ Ke8 55. f6 Be6 56. Nxc6 e3 57. Nxd4 cxd4 58. Ke5 e2 59. Rg1 d3 60. Kxe6 Rxg5 61. Rxg5 e1Q+ 0-1

[Event "Las Palmas De Pretemporada"]
[Site "Las Palmas"]
[Date "2009.09.28"]
[Round "5"]
[White "Caritg Creus, Carlos"]
[Black "Rodriguez Melian, Jose Luis"]
[Result "0-1"]
[WhiteElo "1700"]
[BlackElo "2103"]
[PlyCount "104"]
[EventDate "2009.09.14"]
[EventType "swiss"]
[EventRounds "6"]
[EventCountry "ESP"]
[SourceTitle "EXT 2024"]
[Source "ChessBase"]
[SourceDate "2023.10.10"]
[SourceVersion "1"]
[SourceVersionDate "2023.10.10"]
[SourceQuality "1"]

1. e4 e5 2. f4 Bc5 3. Nf3 d6 4. c3 Nf6 5. d4 exd4 6. cxd4 Bb6 7. Nc3 0-0 8. Bd3 Nc6 9. Be3 Re8 10. Qd2 Bg4 11. Bc2 Nb4 12. h3 Nxc2+ 13. Qxc2 Bf5 14. exf5 Rxe3+ 15. Kd2 Qe7 16. Rae1 Re8 17. Kd1 h6 18. Qd2 Ba5 19. Rxe3 Qxe3 20. Re1 Qxd2+ 21. Nxd2 Rxe1+ 22. Kxe1 Bxc3 23. bxc3 Nd5 24. Ne4 Nxf4 25. Kf2 b6 26. Kf3 Nd3 27. Ke3 Nc1 28. a3 Nb3 29. Kd3 d5 30. Ng3 Na5 31. Nh5 Nc4 32. a4 Nb2+ 33. Kc2 Nxa4 34. Kb3 b5 35. Nf4 Nb6 36. Kb4 c6 37. Ne2 Na4 38. Ka5 Kf8 39. Ka6 Ke7 40. Kxa7 Kd6 41. Ka6 Nb2 42. Ka5 Nd3 43. Kb6 Ne1 44. Nf4 b4 45. cxb4 Nc2 46. Ne2 Nxb4 47. Nf4 Nc2 48. Ne2 h5 49. h4 Ne3 50. Nf4 Nxf5 51. Nxh5 g6 52. Nf6 Nxd4 0-1

[Event "Las Palmas De Pretemporada"]
[Site "Las Palmas"]
[Date "2009.09.24"]
[Round "3"]
[White "Caritg Creus, Carlos"]
[Black "Arana Herrera, Antonio"]
[Result "1-0"]
[WhiteElo "1700"]
[BlackElo "2027"]
[PlyCount "121"]
[EventDate "2009.09.14"]
[EventType "swiss"]
[EventRounds "6"]
[EventCountry "ESP"]
[SourceTitle "EXT 2024"]
[Source "ChessBase"]
[SourceDate "2023.10.10"]
[SourceVersion "1"]
[SourceVersionDate "2023.10.10"]
[SourceQuality "1"]

1. e4 d6 2. d4 Nf6 3. Bc4 g6 4. Nc3 c6 5. Nf3 Bg4 6. h3 Bxf3 7. Qxf3 Nbd7 8. 0-0 Bg7 9. Bg5 e5 10. d5 0-0 11. dxc6 bxc6 12. Rfd1 h6 13. Be3 Qe7 14. Qe2 Nb6 15. Bb3 Rfd8 16. Na4 Nxa4 17. Bxa4 Qb7 18. Bb3 Nxe4 19. Bxh6 Nc5 20. Bxg7 Kxg7 21. Qe3 Qb5 22. Qf3 d5 23. Qg3 Re8 24. f3 Rad8 25. f4 Ne4 26. Qf3 Qc5+ 27. Kh2 Nd6 28. fxe5 Rxe5 29. Rf1 f5 30. Rae1 Rde8 31. Rxe5 Rxe5 32. Qg3 Re7 33. h4 Ne4 34. Qf4 Nf6 35. c3 Re4 36. Qc7+ Kh6 37. g3 Qe3 38. Bd1 Qd2+ 39. Kg1 Qe3+ 40. Kg2 Re5 41. Qf7 Nh7 42. Qc7 c5 43. Bf3 d4 44. cxd4 cxd4 45. Qc1 Nf6 46. Qxe3+ dxe3 47. Re1 Nd7 48. Kf1 Nc5 49. Ke2 Ne6 50. Kd3 f4 51. gxf4 Nxf4+ 52. Kd4 e2 53. Kxe5 Nd3+ 54. Kd6 Nxe1 55. Bxe2 Ng2 56. b4 Nxh4 57. b5 Nf5+ 58. Ke5 Kg7 59. a4 Kf7 60. a5 Ke7 61. b6 1-0

[Event "Gran Canaria op 3rd"]
[Site "Gran Canaria"]
[Date "2009.07.19"]
[Round "7"]
[White "Caritg Creus, Carlos"]
[Black "Biscarri Candalia, Oscar"]
[Result "1/2-1/2"]
[WhiteElo "1730"]
[BlackElo "1503"]
[PlyCount "97"]
[EventDate "2009.07.13"]
[EventType "swiss"]
[EventRounds "7"]
[EventCountry "ESP"]
[SourceTitle "CBM 131 Extra"]
[Source "ChessBase"]
[SourceDate "2009.09.03"]
[SourceVersion "2"]
[SourceVersionDate "2009.09.16"]
[SourceQuality "1"]

1. b3 Nc6 2. Bb2 e5 3. e3 Nf6 4. Nf3 d6 5. Bb5 a6 6. Bxc6+ bxc6 7. c4 Bg4 8. Qc2 Qd7 9. d3 Be7 10. Nbd2 0-0 11. Rc1 Rac8 12. c5 h6 13. Qc4 Be6 14. Qa4 Rfd8 15. cxd6 cxd6 16. Nc4 Bxc4 17. dxc4 c5 18. Qa5 Qc7 19. Qxc7 Rxc7 20. Nd2 Nd7 21. e4 Nf6 22. f3 Nh7 23. Nb1 f6 24. Nc3 Bf8 25. h4 f5 26. Rd1 fxe4 27. Nxe4 Rcd7 28. Rd5 Nf6 29. Nxf6+ gxf6 30. Kf2 h5 31. Rhd1 Kf7 32. g4 Kg6 33. Kg3 Bh6 34. g5 fxg5 35. hxg5 Bxg5 36. Bxe5 Be7 37. f4 Kf7 38. Bb2 Rg8+ 39. Kh3 Rg4 40. Rxh5 Rxf4 41. Rxc5 Rf2 42. Bc1 Rxa2 43. Rf5+ Ke8 44. Bf4 Rb2 45. Rd3 Rb7 46. Bxd6 R2xb3 47. Rff3 Rxd3 48. Rxd3 Bxd6 49. Rxd6 1/2-1/2

[Event "Gran Canaria op 3rd"]
[Site "Gran Canaria"]
[Date "2009.07.18"]
[Round "6"]
[White "Herrera Reyes, Jose Antonio"]
[Black "Caritg Creus, Carlos"]
[Result "1-0"]
[WhiteElo "2106"]
[BlackElo "1730"]
[PlyCount "33"]
[EventDate "2009.07.13"]
[EventType "swiss"]
[EventRounds "7"]
[EventCountry "ESP"]
[SourceTitle "CBM 131 Extra"]
[Source "ChessBase"]
[SourceDate "2009.09.03"]
[SourceVersion "2"]
[SourceVersionDate "2009.09.16"]
[SourceQuality "1"]

1. e4 e5 2. Nf3 Nc6 3. Bc4 Nf6 4. d3 Bc5 5. c3 0-0 6. 0-0 d6 7. a4 a5 8. Bg5 Be6 9. Bb5 Nb8 10. d4 c6 11. Bd3 Bb6 12. dxe5 dxe5 13. Nxe5 h6 14. Bh4 Na6 15. Qf3 Nc5 16. Bc2 Qe7 17. Nxc6 1-0

[Event "Las Palmas Fin de Temporada op"]
[Site "Las Palmas"]
[Date "2009.07.06"]
[Round "2"]
[White "Caritg Creus, Carlos"]
[Black "Trujillo Alvarado, Ivan"]
[Result "0-1"]
[WhiteElo "1730"]
[BlackElo "2167"]
[PlyCount "108"]
[EventDate "2009.07.02"]
[EventType "swiss"]
[EventRounds "5"]
[EventCountry "ESP"]
[SourceTitle "EXT 2011"]
[Source "ChessBase"]
[SourceDate "2010.11.26"]
[SourceVersion "1"]
[SourceVersionDate "2010.11.26"]
[SourceQuality "1"]

1. Nf3 Nf6 2. b3 g6 3. Bb2 Bg7 4. c4 0-0 5. Nc3 d6 6. e3 Nbd7 7. Bd3 e5 8. Rc1 Ne8 9. Bb1 f5 10. 0-0 g5 11. Ne2 Qe7 12. Ne1 Rf7 13. f4 Nf8 14. Ng3 exf4 15. Bxg7 fxg3 16. Bxf8 gxh2+ 17. Kh1 Qxf8 18. Qh5 Qg7 19. Nf3 h6 20. Nd4 Nf6 21. Qxh2 Ng4 22. Qh5 f4 23. Nf5 Bxf5 24. Bxf5 Nxe3 25. dxe3 Rxf5 26. exf4 Raf8 27. Qd1 gxf4 28. Rf3 R8f6 29. Qd3 c6 30. Re1 Re5 31. Ref1 Qg4 32. Qd4 Re2 33. R1f2 Rxf2 34. Qxf2 a6 35. Qd2 Qh5+ 36. Rh3 Qe5 37. Qd1 Rg6 38. Rh5 Qe4 39. Qf1 Kg7 40. Rh3 Rg5 41. Rh4 Rf5 42. Qa1+ Qe5 43. Qc1 Rh5 44. Rxh5 Qxh5+ 45. Kg1 Qe5 46. Kf1 Kf6 47. Qc2 Qf5 48. Qb2+ Kg6 49. Kf2 Qc5+ 50. Kf1 Qe5 51. Qc2+ Kg5 52. Kg1 Qe1+ 53. Kh2 Qg3+ 54. Kg1 f3 0-1

[Event "Gran Canaria Primavera op"]
[Site "Gran Canaria"]
[Date "2009.04.28"]
[Round "9"]
[White "Caritg Creus, Carlos"]
[Black "Perdomo Abad, Jose"]
[Result "0-1"]
[WhiteElo "1765"]
[BlackElo "2082"]
[PlyCount "90"]
[EventDate "2009.03.17"]
[EventType "swiss"]
[EventRounds "9"]
[EventCountry "ESP"]
[SourceTitle "EXT 2011"]
[Source "ChessBase"]
[SourceDate "2010.11.26"]
[SourceVersion "1"]
[SourceVersionDate "2010.11.26"]
[SourceQuality "1"]

1. e4 c5 2. Nf3 d6 3. Bb5+ Bd7 4. Qe2 a6 5. Bxd7+ Qxd7 6. 0-0 Nc6 7. c3 g6 8. d4 cxd4 9. cxd4 Bg7 10. Rd1 d5 11. exd5 Nb4 12. d6 Qxd6 13. Nc3 Nf6 14. a3 Nbd5 15. Ne4 Nxe4 16. Qxe4 0-0 17. Bg5 Rfc8 18. Rac1 e6 19. Bh4 Qd7 20. Ne5 Qe8 21. Nc4 b5 22. Ne5 Rxc1 23. Rxc1 Rc8 24. Rc5 Bf8 25. b4 Bxc5 26. dxc5 a5 27. f4 axb4 28. axb4 Ra8 29. Be1 Ra1 30. Kf2 Qa8 31. g4 Ra2+ 32. Kg1 Qa3 33. Nd3 Qa4 34. Nf2 Rb2 35. Nd3 Rb3 36. f5 Qa3 37. fxg6 hxg6 38. Nf2 Nxb4 39. Qb7 Nd5 40. Qb8+ Kg7 41. Qe5+ Kh7 42. Ne4 Re3 43. Ng5+ Kg8 44. Qb8+ Kg7 45. Bd2 Qxc5 0-1